[Event "Schach Nienberge 2 - SF Olfen 1"]
[Site "Verbandsliga 2021/2022"]
[Date "2021.11.13"]
[Round "2.1"]
[White "Koke, Christoph"]
[Black "Melkert, Tim"]
[Result "1/2-1/2"]
[WhiteElo "2095"]
[BlackElo "1899"]
[PlyCount "76"]
[EventDate "2021.??.??"]
[SourceTitle "Verband Muensterland"]
[SourceDate "2021.10.03"]
[SourceVersion "1"]
[SourceVersionDate "2021.10.03"]
[SourceQuality "1"]
[WhiteTeam "SF Olfen 1"]
[BlackTeam "Schach Nienberge 2"]

1. d4 e6 2. Nf3 Nf6 3. g3 b6 4. Bg2 Bb7 5. O-O Be7 6. c4 O-O 7. Nbd2 c5 8. b3
Qc7 9. Qc2 Nc6 10. Bb2 cxd4 11. Nxd4 Nxd4 12. Bxd4 Bxg2 13. Kxg2 d5 14. Qb2
Rfd8 15. Rac1 Qb7 16. Nf3 dxc4 17. Rxc4 b5 18. Rc2 Ba3 19. Qxa3 Rxd4 20. Rfc1
b4 21. Qa5 Rdd8 22. Rc4 Rdb8 23. R1c2 h6 24. h3 Nd5 25. Kh2 Qb6 26. Rc5 Nc3 27.
Kg2 Rc8 28. Qxb6 axb6 29. Rxc8+ Rxc8 30. Ne5 Ra8 31. Nd3 Rxa2 32. Nxb4 Rxc2 33.
Nxc2 Nxe2 34. Kf3 Nc3 35. Ke3 e5 36. Kd3 Nd1 37. Ke2 Nc3+ 38. Kd3 Nd1 1/2-1/2

[Event "Schach Nienberge 2 - SF Olfen 1"]
[Site "Verbandsliga 2021/2022"]
[Date "2021.11.13"]
[Round "2.2"]
[White "Da Costa Campos, Andre"]
[Black "Stroessner, Lena"]
[Result "0-1"]
[WhiteElo "1876"]
[BlackElo "1934"]
[PlyCount "64"]
[EventDate "2021.??.??"]
[SourceTitle "Verband Muensterland"]
[SourceDate "2021.10.03"]
[SourceVersion "1"]
[SourceVersionDate "2021.10.03"]
[SourceQuality "1"]
[WhiteTeam "Schach Nienberge 2"]
[BlackTeam "SF Olfen 1"]

1. e4 e6 2. d4 d5 3. Nd2 Be7 4. Bd3 Nf6 5. e5 Nfd7 6. Ne2 c5 7. c3 Nc6 8. Nf3
Qb6 9. O-O cxd4 10. cxd4 a6 11. Re1 h6 12. h3 Nf8 13. b3 Bd7 14. Be3 Nb4 15.
Bb1 Rc8 16. Nf4 a5 17. Nd3 Bb5 18. a3 Nxd3 19. Bxd3 Nd7 20. a4 Bxd3 21. Qxd3
O-O 22. Rec1 Nb8 23. g4 Nc6 24. Qd2 Rc7 25. Bxh6 gxh6 26. Qxh6 Qxb3 27. Kg2
Rfc8 28. Rd1 Qc2 29. h4 Qg6 30. Qf4 Qe4 31. Qh6 Nb4 32. Re1 Qg6 0-1

[Event "Schach Nienberge 2 - SF Olfen 1"]
[Site "Verbandsliga 2021/2022"]
[Date "2021.11.13"]
[Round "2.3"]
[White "Pinno, Gregor"]
[Black "Althoff, Franz"]
[Result "0-1"]
[WhiteElo "1911"]
[BlackElo "1981"]
[PlyCount "134"]
[EventDate "2021.??.??"]
[SourceTitle "Verband Muensterland"]
[SourceDate "2021.10.03"]
[SourceVersion "1"]
[SourceVersionDate "2021.10.03"]
[SourceQuality "1"]
[WhiteTeam "SF Olfen 1"]
[BlackTeam "Schach Nienberge 2"]

1. e4 c5 2. Nf3 d6 3. g3 Nc6 4. Bg2 Nf6 5. d3 e6 6. O-O Be7 7. Re1 O-O 8. c3 e5
9. a3 Be6 10. Ng5 Bg4 11. f3 Bh5 12. g4 Bg6 13. f4 exf4 14. Nh3 Ne5 15. d4 cxd4
16. cxd4 Nexg4 17. Nxf4 Qb6 18. Nc3 h5 19. h3 Nh6 20. Ncd5 Nxd5 21. Nxd5 Qd8
22. Bxh6 gxh6 23. Rc1 Bg5 24. Rc7 Rc8 25. Rxb7 Rc1 26. Qe2 Rxe1+ 27. Qxe1 Re8
28. Qf2 Bh4 29. Qf1 Kh8 30. Qf4 Bg5 31. Qf1 Bh4 32. Kh2 Qg5 33. Qf4 Qxf4+ 34.
Nxf4 Bxe4 35. Rxa7 Bg5 36. Nd5 Bg6 37. Bf3 Re1 38. b4 Rb1 39. a4 Rb3 40. Kg2
Rb2+ 41. Kg1 Bh4 42. Ra8+ Kg7 43. Re8 Bf2+ 44. Kf1 Bxd4 45. Be2 Be5 46. b5 Be4
47. Ne3 f5 48. Nc4 Rb1+ 49. Kf2 Bd4+ 50. Kg3 Rb3+ 51. Kf4 Bf2 52. Rxe4 fxe4 53.
Nxd6 Bg3+ 54. Kxe4 Bxd6 55. Kd5 Bc7 56. Kc6 Ba5 57. Bxh5 Rxh3 58. Bd1 Rd3 59.
Be2 Re3 60. Bg4 Ra3 61. Bd1 Rd3 62. Be2 Re3 63. Bg4 Re4 64. Bd1 Re6+ 65. Kb7
Kf6 66. Bf3 Rb6+ 67. Kc7 Kg5 0-1

[Event "Schach Nienberge 2 - SF Olfen 1"]
[Site "Verbandsliga 2021/2022"]
[Date "2021.11.13"]
[Round "2.4"]
[White "Van de Vyle, Jan"]
[Black "Grawunder, Juergen"]
[Result "1/2-1/2"]
[WhiteElo "1771"]
[BlackElo "1919"]
[PlyCount "37"]
[EventDate "2021.??.??"]
[SourceTitle "Verband Muensterland"]
[SourceDate "2021.10.03"]
[SourceVersion "1"]
[SourceVersionDate "2021.10.03"]
[SourceQuality "1"]
[WhiteTeam "Schach Nienberge 2"]
[BlackTeam "SF Olfen 1"]

1. e4 e5 2. Nf3 d6 3. d4 Nd7 4. Nc3 c6 5. a4 Be7 6. Be2 Ngf6 7. O-O O-O 8. h3
h6 9. Be3 Re8 10. Re1 Bf8 11. d5 cxd5 12. exd5 a5 13. Bb5 g6 14. Nd2 b6 15. Nc4
Ba6 16. Qd2 Kh7 17. Bxa6 Rxa6 18. f4 Qc7 19. b3 1/2-1/2

[Event "Schach Nienberge 2 - SF Olfen 1"]
[Site "Verbandsliga 2021/2022"]
[Date "2021.11.13"]
[Round "2.5"]
[White "Preuss, Richard"]
[Black "Hagemann, Lars"]
[Result "1/2-1/2"]
[WhiteElo "1759"]
[BlackElo "1724"]
[PlyCount "75"]
[EventDate "2021.??.??"]
[SourceTitle "Verband Muensterland"]
[SourceDate "2021.10.03"]
[SourceVersion "1"]
[SourceVersionDate "2021.10.03"]
[SourceQuality "1"]
[WhiteTeam "SF Olfen 1"]
[BlackTeam "Schach Nienberge 2"]

1. e4 e5 2. Nf3 Nf6 3. Qe2 Nc6 4. c3 d6 5. d4 g6 6. Bg5 Bg7 7. Nbd2 O-O 8. dxe5
dxe5 9. O-O-O Qe8 10. Nc4 Be6 11. h4 b5 12. Ncxe5 Nxe5 13. Nxe5 Bxa2 14. Bxf6
Bxf6 15. Nd7 Qe7 16. e5 Bg7 17. Nxf8 Bh6+ 18. Kc2 b4 19. Rd4 bxc3 20. Nxg6 hxg6
21. Qb5 c6 22. Qxc6 Rb8 23. Qxc3 Qe6 24. Bc4 Qf5+ 25. Kd1 Qb1+ 26. Ke2 Rxb2+
27. Kf3 Qf5+ 28. Kg3 Qxf2+ 29. Kg4 Qf5+ 30. Kg3 Qxe5+ 31. Kh3 Qf5+ 32. g4 Qf2
33. Rd8+ Bf8 34. Rxf8+ Kxf8 35. Qh8+ Ke7 36. Qe5+ Kf8 37. Qh8+ Ke7 38. Qe5+
1/2-1/2

[Event "Schach Nienberge 2 - SF Olfen 1"]
[Site "Verbandsliga 2021/2022"]
[Date "2021.11.13"]
[Round "2.6"]
[White "Nuerenberg, Bernd"]
[Black "Beutelhoff, Josef"]
[Result "0-1"]
[WhiteElo "1688"]
[BlackElo "1969"]
[PlyCount "60"]
[EventDate "2021.??.??"]
[SourceTitle "Verband Muensterland"]
[SourceDate "2021.10.03"]
[SourceVersion "1"]
[SourceVersionDate "2021.10.03"]
[SourceQuality "1"]
[WhiteTeam "Schach Nienberge 2"]
[BlackTeam "SF Olfen 1"]

1. d4 Nf6 2. c4 e6 3. Nf3 d5 4. Nc3 c6 5. Bg5 dxc4 6. e4 b5 7. e5 h6 8. Bxf6
gxf6 9. exf6 Qxf6 10. Ne5 Bb7 11. Qh5 Nd7 12. Ne4 Bb4+ 13. Kd1 Qf5 14. Qxf5
exf5 15. Nxd7 Kxd7 16. Nc3 Rad8 17. Kc2 Kc7 18. Rd1 Rhe8 19. h4 a6 20. Rh3 c5
21. dxc5 Bxc5 22. f3 Rxd1 23. Kxd1 f4 24. h5 Bf2 25. Ne2 Bc8 26. Rh1 Bf5 27.
Nxf4 Re1+ 28. Kd2 Rb1 29. Kc3 Rd1 30. b3 Be1+ 0-1

[Event "Schach Nienberge 2 - SF Olfen 1"]
[Site "Verbandsliga 2021/2022"]
[Date "2021.11.13"]
[Round "2.7"]
[White "Boenigk, Winfried"]
[Black "Scharlow, Siegmar"]
[Result "0-1"]
[WhiteElo "1720"]
[BlackElo "1677"]
[PlyCount "32"]
[EventDate "2021.??.??"]
[SourceTitle "Verband Muensterland"]
[SourceDate "2021.10.03"]
[SourceVersion "1"]
[SourceVersionDate "2021.10.03"]
[SourceQuality "1"]
[WhiteTeam "SF Olfen 1"]
[BlackTeam "Schach Nienberge 2"]

1. d4 Nf6 2. c4 e5 3. dxe5 Ne4 4. Nf3 Nc6 5. a3 d6 6. exd6 Bxd6 7. g3 Nxf2 8.
Qc2 Nxh1 9. Be3 Nxg3 10. hxg3 Bxg3+ 11. Bf2 Bxf2+ 12. Kxf2 O-O 13. Nbd2 Bg4 14.
Qe4 Bxf3 15. Nxf3 Re8 16. Qf4 Qe7 0-1

[Event "Schach Nienberge 2 - SF Olfen 1"]
[Site "Verbandsliga 2021/2022"]
[Date "2021.11.13"]
[Round "2.8"]
[White "Ballmann, Juergen"]
[Black "Heimann, Karsten"]
[Result "1-0"]
[WhiteElo "1648"]
[BlackElo "1624"]
[PlyCount "95"]
[EventDate "2021.??.??"]
[SourceTitle "Verband Muensterland"]
[SourceDate "2021.10.03"]
[SourceVersion "1"]
[SourceVersionDate "2021.10.03"]
[SourceQuality "1"]
[WhiteTeam "Schach Nienberge 2"]
[BlackTeam "SF Olfen 1"]

1. d4 d5 2. c4 c6 3. Nf3 Nf6 4. Nc3 e6 5. e3 Bd6 6. Bd3 O-O 7. e4 dxe4 8. Nxe4
Nxe4 9. Bxe4 Nd7 10. O-O Nf6 11. Bc2 h6 12. b3 Re8 13. Bb2 Bc7 14. Re1 Qd6 15.
Qd3 Bd7 16. Ne5 h5 17. h3 Rad8 18. a4 Qe7 19. Ba3 Bd6 20. c5 Bc7 21. Bc1 Bc8
22. Bg5 Rd5 23. Bxf6 Qxf6 24. Qh7+ Kf8 25. Qxh5 Rxd4 26. Ng4 Qd8 27. Qh8+ Ke7
28. Qxg7 Rg8 29. Qf6+ Ke8 30. Rad1 Rxd1 31. Rxd1 Qe7 32. Bh7 Rf8 33. Qd4 Qg5
34. Re1 Ke7 35. b4 Rd8 36. Qc3 Rd2 37. Qf3 Rb2 38. Qc3 Rd2 39. Ne3 Rd8 40. Nf5+
Ke8 41. Qh8+ Kd7 42. Rd1+ Bd6 43. Rxd6+ Kc7 44. Qxd8+ Qxd8 45. Rxd8 Kxd8 46.
Ne3 Ke7 47. Bd3 Bd7 48. f4 1-0

[Event "SC Falke Saerbeck 1 - SV Ibbenbüren 1"]
[Site "Verbandsliga 2021/2022"]
[Date "2021.11.13"]
[Round "2.2"]
[White "Fischer, Andreas"]
[Black "Welp, Michael"]
[Result "0-1"]
[WhiteElo "1945"]
[BlackElo "1898"]
[PlyCount "74"]
[EventDate "2021.??.??"]
[SourceTitle "Verband Muensterland"]
[SourceDate "2021.10.03"]
[SourceVersion "1"]
[SourceVersionDate "2021.10.03"]
[SourceQuality "1"]
[WhiteTeam "SC Falke Saerbeck 1"]
[BlackTeam "SV Ibbenbüren 1"]

1. e4 d5 2. exd5 Qxd5 3. Nc3 Qa5 4. g3 Nf6 5. Bg2 Nc6 6. h3 e5 7. d3 Be7 8. Bd2
Qb6 9. Nge2 O-O 10. Rb1 Be6 11. O-O Nd4 12. Kh2 c6 13. f4 Bd6 14. Be3 c5 15.
fxe5 Bxe5 16. Bf4 Qc7 17. Nxd4 cxd4 18. Nb5 Qc5 19. a4 Bxf4 20. Rxf4 Rfd8 21.
b4 Qb6 22. Qg1 Rac8 23. Nxd4 Bd5 24. a5 Qd6 25. c4 Bxg2 26. Qxg2 g5 27. Nf5
Qxd3 28. Ne7+ Kg7 29. Rxf6 Kxf6 30. Re1 Rxc4 31. Qf2+ Kg7 32. Nf5+ Kf8 33. Re2
b6 34. axb6 axb6 35. Nh6 Rd7 36. Ra2 Qd5 37. Ng4 Rc1 0-1

[Event "SC Falke Saerbeck 1 - SV Ibbenbüren 1"]
[Site "Verbandsliga 2021/2022"]
[Date "2021.11.13"]
[Round "2.3"]
[White "Langer, Ralf"]
[Black "Hegemann, Eike"]
[Result "1-0"]
[WhiteElo "1763"]
[BlackElo "1937"]
[PlyCount "43"]
[EventDate "2021.??.??"]
[SourceTitle "Verband Muensterland"]
[SourceDate "2021.10.03"]
[SourceVersion "1"]
[SourceVersionDate "2021.10.03"]
[SourceQuality "1"]
[WhiteTeam "SV Ibbenbüren 1"]
[BlackTeam "SC Falke Saerbeck 1"]

1. Nf3 d5 2. d4 Nf6 3. c4 e6 4. Nc3 c6 5. e3 Be7 6. Bd3 O-O 7. O-O c5 8. dxc5
Bxc5 9. a3 Nc6 10. b4 Bd6 11. b5 Ne5 12. cxd5 exd5 13. Nxe5 Bxe5 14. Bb2 Bxh2+
15. Kxh2 Qd6+ 16. g3 d4 17. Be2 Qe6 18. Qxd4 Qh3+ 19. Kg1 Bg4 20. Ne4 Bxe2 21.
Nxf6+ Kh8 22. Nh5 1-0

[Event "SC Falke Saerbeck 1 - SV Ibbenbüren 1"]
[Site "Verbandsliga 2021/2022"]
[Date "2021.11.13"]
[Round "2.4"]
[White "Kipp, Lucas"]
[Black "Klausmeier, Achim"]
[Result "1-0"]
[WhiteElo "1912"]
[BlackElo "1616"]
[PlyCount "49"]
[EventDate "2021.??.??"]
[SourceTitle "Verband Muensterland"]
[SourceDate "2021.10.03"]
[SourceVersion "1"]
[SourceVersionDate "2021.10.03"]
[SourceQuality "1"]
[WhiteTeam "SC Falke Saerbeck 1"]
[BlackTeam "SV Ibbenbüren 1"]

1. e4 e5 2. Nf3 Nc6 3. d4 exd4 4. Nxd4 Nf6 5. Nxc6 bxc6 6. e5 Nd5 7. Bd3 Bc5 8.
O-O O-O 9. a3 a5 10. c4 Ne7 11. Nc3 Ng6 12. Na4 Be7 13. Re1 d6 14. exd6 cxd6
15. Qc2 Bg5 16. Be3 Bxe3 17. Rxe3 Be6 18. f4 Nxf4 19. Bxh7+ Kh8 20. Rf1 Qh4 21.
Bf5 Qg5 22. Rxf4 Qxf4 23. Rh3+ Kg8 24. Bh7+ Kh8 25. Bg8+ 1-0

[Event "SC Falke Saerbeck 1 - SV Ibbenbüren 1"]
[Site "Verbandsliga 2021/2022"]
[Date "2021.11.13"]
[Round "2.5"]
[White "Richter, Juergen"]
[Black "Bartsch, Jan"]
[Result "1/2-1/2"]
[WhiteElo "1889"]
[BlackElo "1777"]
[PlyCount "40"]
[EventDate "2021.??.??"]
[SourceTitle "Verband Muensterland"]
[SourceDate "2021.10.03"]
[SourceVersion "1"]
[SourceVersionDate "2021.10.03"]
[SourceQuality "1"]
[WhiteTeam "SV Ibbenbüren 1"]
[BlackTeam "SC Falke Saerbeck 1"]

1. c4 e6 2. g3 d5 3. Bg2 Nf6 4. Nf3 Be7 5. O-O O-O 6. d4 c6 7. Nc3 b6 8. Bf4
Bb7 9. cxd5 Nxd5 10. Nxd5 cxd5 11. Rc1 Bd6 12. Ne5 f6 13. Nd3 Bxf4 14. Nxf4 Qd6
15. Rc3 Nd7 16. Qd3 Rfc8 17. Rfc1 Nf8 18. h4 Rxc3 19. Rxc3 Rc8 20. e3 Rxc3
1/2-1/2

[Event "SC Falke Saerbeck 1 - SV Ibbenbüren 1"]
[Site "Verbandsliga 2021/2022"]
[Date "2021.11.13"]
[Round "2.6"]
[White "Hoge, Reinhard"]
[Black "Werremeyer, Achim"]
[Result "0-1"]
[WhiteElo "1869"]
[BlackElo "1690"]
[PlyCount "50"]
[EventDate "2021.??.??"]
[SourceTitle "Verband Muensterland"]
[SourceDate "2021.10.03"]
[SourceVersion "1"]
[SourceVersionDate "2021.10.03"]
[SourceQuality "1"]
[WhiteTeam "SC Falke Saerbeck 1"]
[BlackTeam "SV Ibbenbüren 1"]

1. c4 e5 2. g3 Nf6 3. Bg2 Nc6 4. Nc3 Bb4 5. Nf3 O-O 6. O-O Re8 7. Nd5 Bc5 8. e3
e4 9. Ne1 Nb4 10. Nxb4 Bxb4 11. Nc2 Bf8 12. f3 c6 13. fxe4 Nxe4 14. Nd4 d5 15.
cxd5 cxd5 16. b3 g6 17. Bb2 Bh6 18. Kh1 Bg7 19. a3 a5 20. Rc1 Ra6 21. Qc2 Bxd4
22. Bxd4 Rc6 23. Qb2 Rxc1 24. Rxc1 Nf2+ 25. Kg1 Nd3 0-1

[Event "SC Falke Saerbeck 1 - SV Ibbenbüren 1"]
[Site "Verbandsliga 2021/2022"]
[Date "2021.11.13"]
[Round "2.7"]
[White "Hartmann, Viktor"]
[Black "Waltermann, Jens"]
[Result "0-1"]
[WhiteElo "1638"]
[BlackElo "1804"]
[PlyCount "84"]
[EventDate "2021.??.??"]
[SourceTitle "Verband Muensterland"]
[SourceDate "2021.10.03"]
[SourceVersion "1"]
[SourceVersionDate "2021.10.03"]
[SourceQuality "1"]
[WhiteTeam "SV Ibbenbüren 1"]
[BlackTeam "SC Falke Saerbeck 1"]

1. e4 d6 2. d4 Nf6 3. Nc3 g6 4. Nf3 Bg7 5. Be2 O-O 6. h3 c6 7. Be3 b5 8. a3 Bb7
9. O-O Qc7 10. Qd2 a5 11. Bd3 Nbd7 12. Bh6 b4 13. axb4 axb4 14. Ne2 c5 15. Bxg7
Kxg7 16. Ng3 Rxa1 17. Rxa1 e6 18. c3 c4 19. Bb1 bxc3 20. bxc3 Ra8 21. Rxa8 Bxa8
22. Qe2 Qb8 23. Qc2 Bc6 24. h4 Qb5 25. Nd2 Nb6 26. f3 e5 27. Ne2 Nfd7 28. g4
Na4 29. Kg2 Ndb6 30. Kg3 Bd7 31. f4 exf4+ 32. Nxf4 Qa5 33. Ne2 Bxg4 34. Kxg4
Qh5+ 35. Kg3 Qxe2 36. Ba2 Qe3+ 37. Kg2 Nxc3 38. Bxc4 Qxd4 39. Bd3 d5 40. Nf3
Qb4 41. e5 Qg4+ 42. Kf2 d4 0-1

[Event "SC Falke Saerbeck 1 - SV Ibbenbüren 1"]
[Site "Verbandsliga 2021/2022"]
[Date "2021.11.13"]
[Round "2.8"]
[White "Schmidt, Jan Justus"]
[Black "Welzel, Wilhelm"]
[Result "0-1"]
[WhiteElo "1142"]
[BlackElo "1545"]
[PlyCount "83"]
[EventDate "2021.??.??"]
[SourceTitle "Verband Muensterland"]
[SourceDate "2021.10.03"]
[SourceVersion "1"]
[SourceVersionDate "2021.10.03"]
[SourceQuality "1"]
[WhiteTeam "SC Falke Saerbeck 1"]
[BlackTeam "SV Ibbenbüren 1"]

1. e4 c5 2. Nc3 e5 3. Nf3 Nc6 4. g3 Nge7 5. Bb5 d6 6. Nd5 a6 7. Nxe7 Bxe7 8.
Bxc6+ bxc6 9. d3 O-O 10. Be3 f5 11. exf5 Bxf5 12. Nd2 d5 13. Nb3 d4 14. Bd2 Qd5
15. Rf1 Bh3 16. Rg1 Rf3 17. Qe2 Raf8 18. Bf4 Bd6 19. Nd2 Bg4 20. Qe4 exf4 21.
h3 Bh5 22. Qxd5+ cxd5 23. g4 Re8+ 24. Kf1 Rxh3 25. gxh5 f3 26. Re1 Rxe1+ 27.
Kxe1 Bf4 28. Nb3 Bd6 29. Nd2 Kf7 30. c4 Bf4 31. Nb3 Rxh5 32. Nxc5 Re5+ 33. Kf1
dxc4 34. Rg4 g5 35. Ne4 cxd3 36. Rxf4+ gxf4 37. Nd2 Re2 38. Nxf3 Rxb2 39. Ne5+
Ke6 40. Nxd3 Rxa2 41. Nxf4+ Kf5 42. Ne2 0-1

[Event "SK Gescher 1 - SK Königsspringer Nordwa"]
[Site "Verbandsliga 2021/2022"]
[Date "2021.11.13"]
[Round "2.1"]
[White "Sandmann, Matthias"]
[Black "Scho, Christian"]
[Result "0-1"]
[WhiteElo "1790"]
[BlackElo "2052"]
[PlyCount "72"]
[EventDate "2021.??.??"]
[SourceTitle "Verband Muensterland"]
[SourceDate "2021.10.03"]
[SourceVersion "1"]
[SourceVersionDate "2021.10.03"]
[SourceQuality "1"]
[WhiteTeam "SK Königsspringer Nordwalde 1"]
[BlackTeam "SK Gescher 1"]

1. Nf3 d6 2. g3 g6 3. Bg2 Bg7 4. c4 e5 5. d4 e4 6. Nfd2 f5 7. e3 Nf6 8. f3 exf3
9. Nxf3 O-O 10. O-O Re8 11. Nc3 Nc6 12. a3 a5 13. Rb1 Bd7 14. b4 axb4 15. axb4
Bh6 16. Re1 Qe7 17. b5 Na5 18. Qd3 Qf7 19. c5 dxc5 20. dxc5 Rad8 21. e4 Bxc1
22. e5 Bc6 23. Qc2 Bxf3 24. Bxf3 Bd2 25. Re2 Bxc3 26. Qxc3 Ne4 27. Qxa5 Qc4 28.
Qb4 Qxc5+ 29. Qxc5 Nxc5 30. g4 Rd3 31. Rc1 fxg4 32. Bxg4 b6 33. Kg2 Rd4 34. Bf3
Nd3 35. Rxc7 Nf4+ 36. Kf2 Nxe2 0-1

[Event "SK Gescher 1 - SK Königsspringer Nordwa"]
[Site "Verbandsliga 2021/2022"]
[Date "2021.11.13"]
[Round "2.2"]
[White "Eissing, Christoph"]
[Black "Lerke, Bernd"]
[Result "1-0"]
[WhiteElo "2031"]
[BlackElo "1920"]
[PlyCount "71"]
[EventDate "2021.??.??"]
[SourceTitle "Verband Muensterland"]
[SourceDate "2021.10.03"]
[SourceVersion "1"]
[SourceVersionDate "2021.10.03"]
[SourceQuality "1"]
[WhiteTeam "SK Gescher 1"]
[BlackTeam "SK Königsspringer Nordwalde 1"]

1. e4 c5 2. Nf3 e6 3. d4 cxd4 4. Nxd4 a6 5. Be2 Qc7 6. O-O b5 7. Nd2 Bb7 8. Kh1
Bd6 9. Bf3 Nf6 10. Re1 Nc6 11. Nxc6 dxc6 12. Qe2 Nd7 13. g3 Ne5 14. Bg2 h5 15.
f4 Nd7 16. e5 Be7 17. h4 Nb6 18. Ne4 Rd8 19. Be3 c5 20. Rad1 Rxd1 21. Rxd1 Bxe4
22. Bxe4 g6 23. Qf3 O-O 24. g4 f5 25. exf6 Bxf6 26. gxh5 Bd4 27. Rg1 Bxe3 28.
Rxg6+ Kf7 29. Qxe3 Qd8 30. Bg2 Re8 31. Qe5 Qd4 32. Qg5 Nd7 33. h6 Nf6 34. Rg7+
Kf8 35. h7 Nxh7 36. Rg8+ 1-0

[Event "SK Gescher 1 - SK Königsspringer Nordwa"]
[Site "Verbandsliga 2021/2022"]
[Date "2021.11.13"]
[Round "2.3"]
[White "Hols, Bernhard"]
[Black "Lanfer, Stefanie"]
[Result "1-0"]
[WhiteElo "1800"]
[BlackElo "1874"]
[PlyCount "74"]
[EventDate "2021.??.??"]
[SourceTitle "Verband Muensterland"]
[SourceDate "2021.10.03"]
[SourceVersion "1"]
[SourceVersionDate "2021.10.03"]
[SourceQuality "1"]
[WhiteTeam "SK Königsspringer Nordwalde 1"]
[BlackTeam "SK Gescher 1"]

1. d4 c6 2. e4 d5 3. exd5 cxd5 4. Bd3 Nc6 5. c3 Nf6 6. h3 e6 7. Nf3 Bd6 8. a4
Bd7 9. Na3 a6 10. O-O O-O 11. Re1 Qc7 12. c4 dxc4 13. Nxc4 Nb4 14. Nxd6 Qxd6
15. Bb1 Rac8 16. Ne5 Bc6 17. Bg5 Nbd5 18. Ra3 h6 19. Bxh6 Qxa3 20. bxa3 gxh6
21. Ng4 Kg7 22. Qd2 Nxg4 23. hxg4 Rh8 24. Re5 Bxa4 25. f3 Bb5 26. Rh5 Nf6 27.
Rc5 Bc6 28. g5 Nd5 29. gxh6+ Kf8 30. h7 Ke8 31. Qh6 Kd7 32. Qg7 Rcf8 33. Bg6 b6
34. Rc1 Ne7 35. Bxf7 Nf5 36. Bxe6+ Kxe6 37. Rxc6+ Kd5 1-0

[Event "SK Gescher 1 - SK Königsspringer Nordwa"]
[Site "Verbandsliga 2021/2022"]
[Date "2021.11.13"]
[Round "2.4"]
[White "Iking, Bernhard"]
[Black "Diepenbrock, Till"]
[Result "1-0"]
[WhiteElo "1762"]
[BlackElo "1825"]
[PlyCount "71"]
[EventDate "2021.??.??"]
[SourceTitle "Verband Muensterland"]
[SourceDate "2021.10.03"]
[SourceVersion "1"]
[SourceVersionDate "2021.10.03"]
[SourceQuality "1"]
[WhiteTeam "SK Gescher 1"]
[BlackTeam "SK Königsspringer Nordwalde 1"]

1. d4 Nf6 2. c4 e6 3. Nf3 b6 4. Nc3 Bb4 5. Bg5 Bb7 6. e3 h6 7. Bxf6 Qxf6 8. Be2
g5 9. O-O Bxc3 10. bxc3 h5 11. c5 bxc5 12. Qb3 Be4 13. Nd2 Bc6 14. Bf3 O-O 15.
Bxc6 Nxc6 16. Ne4 Qe7 17. Nxc5 Rab8 18. Qd1 g4 19. f3 d6 20. Nd3 Qg5 21. Qe2
Ne7 22. e4 Ng6 23. f4 Qa5 24. f5 exf5 25. exf5 Qxc3 26. fxg6 Qxd4+ 27. Kh1 fxg6
28. Rad1 Qg7 29. Qe6+ Kh7 30. Qc4 a5 31. a3 Qe7 32. Nf4 Rb2 33. Nd5 Qd8 34.
Rxf8 Qxf8 35. Qxc7+ Kh6 36. Qc1+ 1-0

[Event "SK Gescher 1 - SK Königsspringer Nordwa"]
[Site "Verbandsliga 2021/2022"]
[Date "2021.11.13"]
[Round "2.5"]
[White "Keller, Hansjuergen"]
[Black "Frieske, Hilmar"]
[Result "1/2-1/2"]
[WhiteElo "1594"]
[BlackElo "1692"]
[PlyCount "60"]
[EventDate "2021.??.??"]
[SourceTitle "Verband Muensterland"]
[SourceDate "2021.10.03"]
[SourceVersion "1"]
[SourceVersionDate "2021.10.03"]
[SourceQuality "1"]
[WhiteTeam "SK Königsspringer Nordwalde 1"]
[BlackTeam "SK Gescher 1"]

1. d4 Nf6 2. Bf4 d5 3. e3 Nc6 4. Nf3 e6 5. c3 a6 6. Bd3 h6 7. Nbd2 Bd6 8. Bxd6
Qxd6 9. O-O e5 10. dxe5 Nxe5 11. Nxe5 Qxe5 12. Nf3 Qd6 13. h3 Bd7 14. Qc2 Be6
15. Rad1 Qb6 16. Rfe1 O-O-O 17. Nd4 Nd7 18. Nxe6 fxe6 19. c4 Nc5 20. cxd5 exd5
21. a3 Kb8 22. b4 Nxd3 23. Rxd3 Rd6 24. Qc3 Rg8 25. Red1 c6 26. Qe5 Qc7 27. e4
Rgd8 28. exd5 cxd5 29. Qb2 Qd7 30. Qb3 g5 1/2-1/2

[Event "SK Gescher 1 - SK Königsspringer Nordwa"]
[Site "Verbandsliga 2021/2022"]
[Date "2021.11.13"]
[Round "2.6"]
[White "Robers, Frank"]
[Black "Schmalbrock, Andreas"]
[Result "0-1"]
[WhiteElo "1667"]
[BlackElo "1407"]
[PlyCount "84"]
[EventDate "2021.??.??"]
[SourceTitle "Verband Muensterland"]
[SourceDate "2021.10.03"]
[SourceVersion "1"]
[SourceVersionDate "2021.10.03"]
[SourceQuality "1"]
[WhiteTeam "SK Gescher 1"]
[BlackTeam "SK Königsspringer Nordwalde 1"]

1. e4 e5 2. Bc4 Nf6 3. Nf3 Nc6 4. d3 h6 5. h3 Bc5 6. Nc3 d6 7. Na4 Bb6 8. Nxb6
axb6 9. a3 O-O 10. Be3 d5 11. exd5 Nxd5 12. O-O Nf4 13. Bxf4 exf4 14. d4 Qf6
15. Re1 Bf5 16. Bd3 Rad8 17. c3 Rfe8 18. Qc2 Ne7 19. Rxe7 Rxe7 20. Bxf5 Rde8
21. Bd3 c5 22. Bb5 Rd8 23. Rd1 cxd4 24. cxd4 Qd6 25. Rc1 Qd5 26. Bd3 Ree8 27.
Bc4 Qh5 28. Ne5 Re7 29. Nf3 Rc7 30. Qd2 Rdc8 31. Rc2 Rxc4 32. Rxc4 Rxc4 33.
Qxf4 Qd5 34. Qd2 b5 35. Kf1 Qe4 36. Ne1 Rxd4 37. Qa5 Qc6 38. Qa8+ Kh7 39. Qf8
Qc4+ 40. Kg1 Qe2 41. Qxf7 Qxe1+ 42. Kh2 Qe5+ 0-1

[Event "SK Gescher 1 - SK Königsspringer Nordwa"]
[Site "Verbandsliga 2021/2022"]
[Date "2021.11.13"]
[Round "2.7"]
[White "Pelzer, Marius"]
[Black "Kessler, Karl"]
[Result "0-1"]
[WhiteElo "1213"]
[BlackElo "1690"]
[PlyCount "112"]
[EventDate "2021.??.??"]
[SourceTitle "Verband Muensterland"]
[SourceDate "2021.10.03"]
[SourceVersion "1"]
[SourceVersionDate "2021.10.03"]
[SourceQuality "1"]
[WhiteTeam "SK Königsspringer Nordwalde 1"]
[BlackTeam "SK Gescher 1"]

1. Nf3 d5 2. c4 e6 3. Nc3 Nf6 4. d4 Be7 5. Bg5 h6 6. Bxf6 Bxf6 7. e3 O-O 8. Be2
dxc4 9. Bxc4 c5 10. O-O cxd4 11. exd4 Nc6 12. d5 Na5 13. Bb3 Bxc3 14. bxc3 Nxb3
15. Qxb3 Qxd5 16. Qxd5 exd5 17. Rad1 Be6 18. Nd4 Rac8 19. Rd3 Rc4 20. Re1 Rfc8
21. Ree3 a6 22. h3 Ra4 23. Nxe6 fxe6 24. Rxe6 Kf7 25. Re2 Rac4 26. Rd4 Rxd4 27.
cxd4 Rc1+ 28. Kh2 Rd1 29. Rb2 b5 30. Rb4 Rd2 31. a4 bxa4 32. Rxa4 Rxf2 33. Rxa6
Rd2 34. Ra4 Kf6 35. Kg3 Kf5 36. Kf3 Rd3+ 37. Ke2 Ke4 38. Ra7 Rg3 39. Kf2 Rg6
40. Ra4 h5 41. g3 Rc6 42. Ra7 g6 43. Ra4 Rc2+ 44. Kg1 g5 45. h4 g4 46. Kf1 Rd2
47. Ra6 Kxd4 48. Rh6 Ke3 49. Rxh5 Kf3 50. Rf5+ Kxg3 51. Ke1 Rh2 52. Rxd5 Kxh4
53. Kf1 Kh3 54. Kg1 Ra2 55. Rd3+ g3 56. Kf1 Kh2 0-1